00739nam a2200229Ia 4500003000400000005001700004008004100021020001500062040001800077041000800095082002300103100002100126245011600147250001200263260005100275300002400326650002700350650003900377650005300416700002100469700001900490OSt20220829104038.0210716s2003 xx 000 0 und d a8126502733 cAIMIT LIBRARY aeng a574.1519521bNANS aNanavati, Samir. aBiometrics: bidentity verification in a networked world /cBy Samir Nanavati, Michael Thieme and Raj Nanavati. a1st ed. aNew Delhi :bWiley Dreamtech Pvt Ltd ,c2003. axvi,300p. ;c24 cm. aBiometric fundamentals aBiometric applications and markets aPrivacy and standards in biometric system design aThieme, Michael. aNanavati, Raj.